ბათუმის შოთა რუსთაველის სახელმწიფო უნივერსიტეტის ბიბლიოთეკა

ხალხური პროზის ენისა და სტილის საკითხები / (ბიბ.ჩანაწერი № 52687)

000 -ლიდერი
ფიქსირებული სიგრძის საკონტროლო ველი 01332nam a2200265Ia 4500
001 - საკონტროლო ნომერი
საკონტროლო ველი 19711
003 - საკონტროლო ნომრის იდენტიფიკატორი
საკონტროლო ველი GE_BSU
005 - ბოლო ოპერაციის თარიღი და დრო
საკონტროლო ველი 20200402201234.0
008 - ფიქსირებული სიგრძის მონაცემთა ელემენტები - ზოგადი ინფორმაცია
ფიქსირებული სიგრძის საკონტროლო ველი 181216s1975||||ge |||||||||||||| ||geo||
040 ## - კატალოგიზაციის წყარო
Transcribing agency GE_BSU
041 ## - ენის კოდი
Language code of text/sound track or separate title geo
080 ## - უნივერსალური ათობითი კლასიფიკაციის ინდექსი
Universal Decimal Classification number 811.353.1-91-26 ღ-73
100 ## - მთავარი ჩანაწერი - პიროვნების სახელი
Personal name ღლონტი, ალ.
9 (RLIN) 1038
245 ## - ცნობა სათაურის შესახებ
Title ხალხური პროზის ენისა და სტილის საკითხები /
Statement of responsibility, etc ალ. ღლონტი ; რედ. შ.კეკელია.
264 ## - წარმოების, გამოცემის, დისტრიბუციის და სხვა ცნობები
გამოცემის, წარმოების, დისტრიბუციის... ადგილი თბილისი
გამოცემის, წარმოების, დისტრიბუციის... სახელწოდება თბილ. უნ-ტის გამ-ბა,
გამოცემის, წარმოების, დისტრიბუციის... თარიღი 1975.
300 ## - ფიზიკური აღწერა
Extent 142 გვ. ;
Dimensions 19 სმ.
653 ## - INDEX TERM--UNCONTROLLED
Uncontrolled term ქართული ენა
653 ## - INDEX TERM--UNCONTROLLED
Uncontrolled term ქართული ხალხური პროზის ენა
653 ## - INDEX TERM--UNCONTROLLED
Uncontrolled term ქართული ხალხური პროზის სტილი
653 ## - INDEX TERM--UNCONTROLLED
Uncontrolled term ხალხური პროზის ენისა და სტილის საკითხები
700 ## - ADDED ENTRY--PERSONAL NAME
Personal name კეკელია, შ.
Relator term რედაქტორი
9 (RLIN) 7846
710 ## - ADDED ENTRY--CORPORATE NAME
Corporate name or jurisdiction name as entry element საქ. სსრ უმაღლ. და საშ. სპეც. განათლ. სამინისტროს სამეც.-მეთოდ. კაბ-ტი
9 (RLIN) 7847
942 ## - ADDED ENTRY ELEMENTS (KOHA)
Koha item type წიგნი
Source of classification or shelving scheme
ეგზემპლარები
ჩამოწერის სტატუსი დაკარგული ეგზემპლარის სტატუსი კლასიფიკაციის წყარო ან თაროზე გაწყობის სქემა დაზიანების სტატუსი არ გაიცემა მუდმივი მდებარეობა (დაცვის ადგილი) ამჟამინდელი ადგილსამყოფელი თაროზე განთავსების ადგილი შეძენის თარიღი ღირებულება, შესყიდვის ნორმალური ფასი სრული შენახვის შიფრი შტრიხკოდი ბოლო ოპერაციის თარიღი ეგზემპლარის მიმდევრობითი ნომერი (კეტერი?) ფასის ძალაში შესვლის თარიღი ეგზემპლარის სახეობა საჯარო შენიშვნა
          ბათუმის შოთა რუსთაველის სახელმწიფო უნივერსიტეტის მთავარი ბიბლიოთეკა ბათუმის შოთა რუსთაველის სახელმწიფო უნივერსიტეტის მთავარი ბიბლიოთეკა წიგნსაცავი 2018-12-17 1.60 811.353.1-91-26 ღ-73 52013 2018-12-17 52013 2018-12-17 წიგნი 1.60 ლ.
          ბათუმის შოთა რუსთაველის სახელმწიფო უნივერსიტეტის მთავარი ბიბლიოთეკა ბათუმის შოთა რუსთაველის სახელმწიფო უნივერსიტეტის მთავარი ბიბლიოთეკა წიგნსაცავი 2018-12-17 1.60 811.353.1-91-26 ღ-73 52012 2018-12-17 52012 2018-12-17 წიგნი 1.60 ლ.